000 00532nam a2200193Ia 4500
003 GCL
008 140319s9999 xx 000 0 eng d
040 _aGCL /
_cGCL
082 0 4 _a658.45
_bT E
100 1 _aBOVCE, GOWTHAND L
245 1 0 _aEXCELLENCE IN BUSINESS COMMUNICATION, 2ND ED. /
_cBOVCE, GOWTHAND L
700 1 _aTHILL, JOHN V.
700 1 _aBOVEE, GURTLAND L.
260 _a[S.N] :
_bMC GRAW - HILL ،
_c1993
300 _a542\P
650 0 4 _aBUSINESS COMMUNICATION
650 0 4 _aCOMMUNICATION
942 _2ddc
_cBK
999 _c20820
_d20820